Differential equations and dynamic systems. (Record no. 2534)
[ view plain ]
| 000 -LEADER | |
|---|---|
| fixed length control field | 00694nam a22002292 4500 |
| 001 - CONTROL NUMBER | |
| control field | 0000004210 |
| 005 - DATE AND TIME OF LATEST TRANSACTION | |
| control field | 20151217145758.0 |
| 008 - FIXED-LENGTH DATA ELEMENTS--GENERAL INFORMATION | |
| fixed length control field | 070521s xx 000 0 eng d |
| 020 ## - INTERNATIONAL STANDARD BOOK NUMBER | |
| International Standard Book Number | 0387951164 : |
| Terms of availability | GBP 61.50 |
| 040 ## - CATALOGING SOURCE | |
| Original cataloging agency | KABU |
| Transcribing agency | KABU |
| 050 #0 - LIBRARY OF CONGRESS CALL NUMBER | |
| Classification number | QA372 |
| Item number | .P47 2001 |
| 100 1# - MAIN ENTRY--PERSONAL NAME | |
| Personal name | Perko, Lawrence. |
| -- | 0000154653 |
| 245 10 - TITLE STATEMENT | |
| Title | Differential equations and dynamic systems. |
| 250 ## - EDITION STATEMENT | |
| Edition statement | 3rd ed. |
| 260 ## - PUBLICATION, DISTRIBUTION, ETC. (IMPRINT) | |
| Place of publication, distribution, etc. | New York : |
| Name of publisher, distributor, etc. | Springer-Verlag, |
| Date of publication, distribution, etc. | 2001. |
| 300 ## - PHYSICAL DESCRIPTION | |
| Extent | xiv, 555 p. |
| 650 #0 - SUBJECT ADDED ENTRY--TOPICAL TERM | |
| Topical term or geographic name as entry element | Differential equations, Nonlinear. |
| -- | 0000154654 |
| 650 #0 - SUBJECT ADDED ENTRY--TOPICAL TERM | |
| Topical term or geographic name as entry element | Differentiable dynamical systems. |
| -- | 0000154655 |
| 908 ## - PUT COMMAND PARAMETER (RLIN) | |
| Put command parameter | 070521 |
| 950 ## - LOCAL HOLDINGS (RLIN) | |
| -- | 1 |
| Withdrawn status | Lost status | Source of classification or shelving scheme | Not for loan | Home library | Current library | Date acquired | Total Checkouts | Full call number | Barcode | Date last seen | Price effective from | Koha item type |
|---|---|---|---|---|---|---|---|---|---|---|---|---|
| Library of Congress Classification | Kabarak, Main Campus | Kabarak, Main Campus | 17/12/2015 | QA372 .P47 2001 | 008682 | 17/12/2015 | 17/12/2015 | General Collection |